000 01537nam a2200337 c 4500
999 _c124395
_d124395
003 BLK
005 20220427142356.0
008 180409b bul|||||r ||||||| ||bul||
010 _aKNG00130061000
040 _aBLK
041 _aBUL
_cBUL
080 _aВъзпитание у дома. Семейно възпитание
_b37.018.1
_z37.018.1
100 1 _aБаев, Борис Федорович
_eпърви автор
_9318791
139 _aБаев, Борис Федорович
_bБ 13
245 1 0 _aПознавате ли своето дете?
_bНауч.-попул. очерк
_cБорис Федорович Баев; прев. от укр. Ирина Иванова Манова.
257 _aUKR
260 _bНар. просв.
_c1982
_fВ. Търново : Д. Найденов
_aСофия
300 _a95 с.
_c20 см
380 _a3
490 _aБиблиотека за родителя
_9205377
500 _aОриг. загл. Чи знаете ви свою дитину. - 15 105 тир. - Библиогр. под линия.
650 4 _aВъзпитание в семейството
_9242361
650 4 _aСемейно възпитание
_9263959
653 _aсемейно възпитание
700 1 _aМанова, Ирина Иванова
_eпрев. от укр.
_9377376
852 _aЦб 117333
_bЦб
856 4 _qpdf
856 4 _qpdf
942 _cKNG
_n0
_s1
944 _aCR
_c26.04.2012
_l26.04.2012 - от С1,Р / 26.04.2012
_kДиана_Димитрова
944 _aED
_c26.04.2012
_l26.04.2012 - от С1,Р / 26.04.2012
944 _aED
_c2022-04-27
999 _d124395